000 00203 a2200097 4500
020 _a9780545403887
041 _aspa
100 _aSatin Capucilli, Alyssa
245 _aBizcocho sale a pasear
942 _cBK
999 _c30123
_d30121